000 00311nam a2200133Ia 4500
008 240624s9999 xx 000 0 und d
041 _aeng
082 _a823 BIR
100 _aBIRLA YASH
245 _aON A PRAYER
260 _c2014
_aNew Delhi
_bSde Penguin
300 _a265 : p. : cm. ; 22
365 _cRS
_b25
999 _c23714
_d23714